| 000 | 00480nam a22001697a 4500 | ||
|---|---|---|---|
| 003 | IT-RoPau | ||
| 005 | 20220918175941.0 | ||
| 008 | 130209b xxu||||| |||| 00| 0 eng d | ||
| 040 | _cIT-RoPau | ||
| 100 |
_aFamilia Paulina _9403 |
||
| 245 | _aO Cooperador Paulino 1986 Brasile | ||
| 250 | _a1° ed. | ||
| 260 |
_aBrazil _bSociedade de Sao Paulo _c1986 |
||
| 300 |
_a33 p. _c27 cm |
||
| 500 | _aJaneiro-Marco/Abril-Junho/Julho-Setembro/Outubro-Dezembro 1986. | ||
| 942 |
_2ddc _cCR |
||
| 999 |
_c38045 _d38045 |
||